| 000 -LEADER |
| fixed length control field |
01029nam a2200193 a 4500 |
| 020 ## - INTERNATIONAL STANDARD BOOK NUMBER |
| ISBN |
9781284175691 (paperback) |
| 082 ## - DEWEY DECIMAL CLASSIFICATION NUMBER |
| Classification number |
362.1 |
| Item number |
H7588 2022 |
| 100 ## - MAIN ENTRY--AUTHOR NAME |
| Personal name |
Holtz, Carol, author. |
| 245 00 - TITLE STATEMENT |
| Title |
Global health care : issues and policies / Carol Holtz. |
| 250 ## - EDITION STATEMENT |
| Edition statement |
Fourth edition. |
| 260 ## - PUBLICATION, DISTRIBUTION, ETC. (IMPRINT) |
| Place of publication |
Burlington, MA : |
| Name of publisher |
Jones & Bartlett Learning, |
| Year of publication |
©2022. |
| 300 ## - PHYSICAL DESCRIPTION |
| Number of Pages |
xxv, 658 pages : |
| Other physical details |
illustrations, maps ; 23 cm |
| 500 ## - GENERAL NOTE |
| General note |
Includes bibliographical references and index. |
| 520 ## - SUMMARY, ETC. |
| Summary, etc |
'This text provides students with current information on various global health topics. Written by academic authors, scientists, and health practitioners, the text prepares students with a basic perspective of health policy issues from various geographical regions and explains how they are affected by significant world events. The text addresses international health and healthcare at both the undergraduate and graduate levels'-- |
| 650 #0 - SUBJECT ADDED ENTRY--TOPICAL TERM |
| Topical Term |
World health. |
| 650 #0 - SUBJECT ADDED ENTRY--TOPICAL TERM |
| Topical Term |
Medical care. |
| 650 #0 - SUBJECT ADDED ENTRY--TOPICAL TERM |
| Topical Term |
Medical policy. |
| 942 ## - ADDED ENTRY ELEMENTS (KOHA) |
| Koha item type |
Books |